| 000 | 00395cam a22001457a 4500 | ||
|---|---|---|---|
| 008 | 180718b2002 xxu||||| |||| 00| 0 eng d | ||
| 020 | _a019521837X | ||
| 082 | _aT19 G51 | ||
| 245 | _aThe global competitiveness report, 2001-2002 | ||
| 260 |
_aNew York _bOxford Univ. Press _c2002 |
||
| 300 | _a446p. | ||
| 650 | _aCompetition | ||
| 650 | _aEconomic conditions | ||
| 650 | _aEconomic development | ||
| 999 |
_c399622 _d399622 |
||